Normal view
MARC view
Entry Geographic Name
001 - CONTROL NUMBER
- control field: 52472
003 - CONTROL NUMBER IDENTIFIER
- control field: ARRUPE
005 - DATE AND TIME OF LATEST TRANSACTION
- control field: 20240216100244.0
008 - FIXED-LENGTH DATA ELEMENTS
- fixed length control field: 240216|| aca||aabn | a|a d
040 ## - CATALOGING SOURCE
- Original cataloging agency: ARRUPE
- Transcribing agency: ARRUPE
151 ## - HEADING--GEOGRAPHIC NAME
- Geographic name: Harare (Zimbabwe)
- General subdivision: Buildings, structures, etc.
- Form subdivision: Catalogs
670 ## - SOURCE DATA FOUND
- Source citation: Work cat.: (ARRUPE)131807: Jackson, Peter, 1949- 52470, Historic buildings of Harare, 1890-1940 /, 1986.